000 00585nam a2200217Ia 4500
005 20240405114040.0
008 140110s9999 xx 000 0 und d
020 _a9789380199559
_cRs.895.00
040 _aLoreto College
041 _aEnglish
082 _a515.3
_bSIN
100 _aSingh,U.P.
245 2 _aA textbook of differential calculus
_cU.P.Singh,R.J.Srivastava and N.H.Siddiqui
260 _aNew Delhi
_bWisdom Press
_c2011
300 _a240p
650 _aDifferential calculus
651 _aCalculus
700 _aSrivastava,R.J.
850 _aLCLIB
942 _cBK
999 _c37840
_d88319